000 00581nam a2200217Ia 4500
003 OSt
005 20220923230852.0
006 a|||||r|||| 00| 0
007 ta
008 Pun
024 _a306,193
037 _cTextual
040 _aARTS
_cARTS
_bPun
041 _2Pun
_aPun
082 _aP153:1, K0
100 _aਉਬਹਰਾ, ਮੋਹਨ ਸਿੰਘ
245 0 _aਪੰਜਾਬੀ ਭਾਖਾ ਤੇ ਛੰਦਾਬੰਦੀ
260 _c1960
942 _hP153:1, K0
_cTEXL
_2CC
999 _c387980
_d387980